000 01830cam a22003251i 4500
003 SA-RiAUC
005 20260211124725.0
008 260210s2023 le g 000 0 ara c
020 _a9782745189745
040 _aSA-JeALM
_bara
_cSA-RiAUC
_erda
050 4 _bA36 2023
082 0 4 _a251
_qSA-RiAUC
090 _a251
_bا ب ن ع
100 1 _aابن عابدين، محمد أمين بن عمر،
_d1198-1252 هجري
_eمؤلف.
245 1 0 _aشرح شرح المنار للعلامة الشامي في أصول الفقه /
_bالمسمى نسمات الأسحار وهو شرح على إفاضة الأنوار للعلامة محمد علاء الدين الحصني الحنفي وهو شرح على المنار للإمام عبدالله بن احمد بن محمود النسفي
_cللشيخ الإمام محمد أمين ابن عابدين الشامي
246 _aنسمات الأسحار
250 _aالطبعة الثالثة.
264 1 _aكراتشي - باكستان :
_bإدارة القرآن والعلوم الإسلامية،
_c1998
300 _a274 صفحة ؛
_c24 سم.
336 _aنص
_btxt
_2rdacontent
_3كتاب
337 _aبدون وسيط
_bn
_2rdamedia
338 _aمجلد
_bnc
_2rdacarrier
650 7 _aأصول الفقه الإسلامي
_2aucsh
650 7 _aالفقه الحنفي
_2aucsh
700 1 2 _aالنسفي، عبد الله بن أحمد بن محمود،
_dتوفي 710 هجري.
_iشرح لـ :
_tالمنار
700 1 2 _aعلاء الدين الحصكفي، محمد بن علي بن محمد،
_d1025-1088 هجري.
_iشرح لـ :
_tإفاضة الأنوار على أصول المنار
700 1 _aعمر، عبد الله محمود محمد
_eمراجع.
942 _2ddc
_cBOOK
_n0
949 _aSA-JeALM
_d260210
_uosman123
_n1
999 _c14308
_d14308